000 00689nam a2200229 a 4500
999 _c1696
_d1696
001 1696
003 BD-JhCC
005 20171029105158.0
008 171023s1996 bg |||| |||| 000 0 ben d
020 _a9843001699
035 _a(BD-JhCC)1696
040 _aBD-JhCC
_dBD-JhCC
041 _aben
082 _a891.4415
_bKAL 1996
245 _aকালপুরুষ /
_c রফিক নওশাদ (সম্পা.)
260 _aঢাকা :
_bশব্দরুপ প্রকাশনী,
_c১৯৯৬.
300 _a৩১৬ পৃ . :
_c২১ সেমি.
650 _aBengali poetry
700 _aনওশাদ, রফিক
942 _2ddc
_cBK